| 000 | 01115nam a2200277 i 4500 | ||
|---|---|---|---|
| 001 | 125559 | ||
| 003 | ES-MaACL | ||
| 005 | 20260304164125.0 | ||
| 007 | t| | ||
| 008 | 070619s1981 fr ||||1| fre d | ||
| 020 | _a2-7304-0076-1 | ||
| 080 | _a821.133.1-31 | ||
| 100 | 1 |
_aRhoides, Emmanouel, _d1836-1904 _9172897 |
|
| 245 | 1 | 3 |
_aLa Papesse Jeanne _b: roman médiéval / _cEmmanuel Rhoïdès ; traduit par Alfred Jarry et Jean Saltas de l'ouvre grecque. (Suivi de) Le Moutardier du pape : opérette bouffe en 3 actes / Alfred Jarry ; édition établie, annotée et présentée par Marc Voline. |
| 260 |
_aParis : _bNouvelles éditions Oswald, _c[1981] |
||
| 300 |
_a279 p. : _bil. ; _c22 cm. |
||
| 490 | 1 |
_aLes Oiseaux de nuit ; _v2 |
|
| 500 | _aBiblioteca Jacinto Martínez Lacalle. | ||
| 650 | 4 |
_aJuana, Papisa (Personaje de ficción) _913965 |
|
| 700 | 1 |
_aVoline, Marc. _9115694 |
|
| 700 | 1 |
_aJarry, Alfred, _d1873-1907 _966144 |
|
| 740 | 3 | _aLe Moutardier du pape. | |
| 830 | 0 |
_aLes Oiseaux de nuit ; _v2 _9219051 |
|
| 852 |
_aES-MaACL _jE-11722 _bR.139736 |
||
| 999 |
_c125559 _d125559 |
||